000 00459nam a22001577a 4500
003 OSt
005 20260119124853.0
008 260119b |||||||| |||| 00| 0 eng d
040 _cMRSPTU
041 _aEnglish
100 _aSaruchi Panwar, Supervisor: Dinesh Kumar
245 _aEncryption Based Security for Position Based Vanet Routing Protocol
260 _bDepartment of CSE, MRSPTU, Bathinda
_c2017
650 _aComputer Science
942 _2ddc
_cTH
_n0
999 _c10680
_d10680